| 000 | 00686cam a22002293a 4500 | ||
|---|---|---|---|
| 001 | 38571 | ||
| 003 | PGUSA | ||
| 005 | 20140828083842.0 | ||
| 008 | 120114s2012||||xxu|||||s|||||000 | eng d | ||
| 040 |
_aPGUSA _beng |
||
| 042 | _adc | ||
| 100 | 1 |
_aPetrovitch, Woislav M. _q(Woislav Maximus), _d1884-1934 |
|
| 245 | 1 | 0 |
_aHero Tales and Legends of the Serbians _h[electronic resource] / _cWoislav M. Petrovitch |
| 260 |
_bProject Gutenberg, _c2012 |
||
| 506 | _aPublic domain in the USA. | ||
| 516 | _aElectronic text | ||
| 700 | 1 | _aSewell, William | |
| 700 | 1 | _aJames, Gilbert | |
| 830 | 0 |
_aProject Gutenberg _v38571 |
|
| 856 | 4 | 0 | _uhttp://www.gutenberg.org/ebooks/38571 |
| 942 | _cEB | ||
| 999 |
_c267825 _d267825 |
||